000 00733 a2200241 4500
005 20260417120339.0
008 260415b |||||||| |||| 00| 0 eng d
020 _a9781509567607 (pbk)
037 _cTB
040 _aCRL
_cCRL
041 _2eng
_aeng
084 _aD65,8(B) R5
_qCRL
100 _aCoeckelbergh, Mark
_91116095
245 _aCommunicative AI
260 _aCambridge, UK:
_bPolity Press,
_c2025.
300 _aviii, 135p.
365 _b2080.65
_cINR
650 _aAI
_91234805
650 _aLibrary Science
700 _aGunkel, David J.
_eauthor.
_91234807
942 _cTB
_2CC
_hD65,8(B) R5
999 _c1679883
_d1679883